000 00650nam a2200217Ia 4500
008 191130s2003##################000#0#eng##
020 _a9781591400523
022 _a2003000051
040 _aACL
_cACL
082 _a621.382 LIM
100 _aLim, Ee-Peng
245 _aAdvances in mobile commerce technologies
_cEe-Peng Lim, Keng Siau
260 _aHershey PA
_bIdea Group Pub
_c2003
300 _aix, 324 p. : ill. ; 27 cm
500 _aIncludes bibliographical references and index
650 _aMobile communication systems
700 _aSiau, Keng
990 _a42b4393bac10000c1e5311f94c3307c7
991 _a159833
999 _c363466
_d363466